000 00375nam a2200145 4500
008 250310b |||||||| |||| 00| 0 eng d
020 _a9780325529716
050 _aRM216
_b.S34
100 _aSchlenker,Eleanor D.
245 _aWilliams'Essentials of Nutrition and Diet Therapy.
250 _a12th
260 _aMissouri
_bElsevier
_c2019
300 _axiii.503p
942 _cBK
999 _c2207
_d2207